| 000 | 00637nam a22001937a 4500 | ||
|---|---|---|---|
| 003 | SISC | ||
| 005 | 20170308151733.0 | ||
| 008 | 160309b xxu||||| |||| 00| 0 eng d | ||
| 020 | _a9781909818606 | ||
| 050 | _aHF 5429 .235 .ED23 2015 | ||
| 100 | _aEdger, Chris. | ||
| 245 |
_aFranchising : _bhow both sides can win / _cChris Edger and Andrew Emmerson. |
||
| 260 |
_aUnited Kingdom : _bLibri Publishing, _c2015. |
||
| 300 |
_aix, 183 pages ; _c23 cm. |
||
| 500 | _aIncludes bibliographical references and index. | ||
| 650 | _a Franchises (Retail trade). | ||
| 650 | _aFranchises (Retail trade) -- Case studies. | ||
| 942 |
_2lcc _cBK |
||
| 999 |
_c291534 _d291534 |
||